000 01443nam a22002657a 4500
003 UA-OsUOA
001 130417
007 ta
008 20180423b un ||||| |||| 00| 0 ukr d
100 _aПозднякова-Кирбят'єва Е. Г.
090 _a316.4
_bП47
942 _cBK
040 _aUA-OsUOA
_bukr
_cUA-OsUOA
_dUA-OsUOA
245 _aСоціологія соціально-історичної пам'яті: теоретико-методологічні та емпіричні студії
_bмонографія
300 _a400 с.
955 _a1
041 _aukr
080 _a316.4
020 _a978-966-599-460-2
520 3 _aЗміст1. Теоретико-методологічні засади дослідження соціально-історичної пам'яті2. Розвиток концепцій історичної пам'яті в європейській гуманітарній традиції3. Механізми та процеси функціонування соціально-історичної пам'яті4. Особливості соціа
520 3 _aльно-історичної пам'яті у сучасну епоху5. Соціально-історична пам'ять про Другу світову війну
260 _aЗапоріжжя
_bЗНУ
_c2014
650 7 _a316 Соціологія
_2UDC
999 _c418447
_d418447